[Event "Florianopolis op 10th"]
[Site "Florianopolis"]
[Date "2024.01.21"]
[Round "2"]
[White "Ribeiro, Davison Soares"]
[Black "Santos, Humberto Robson"]
[Result "1-0"]
[WhiteElo "1989"]
[BlackElo "1322"]
[PlyCount "57"]
[EventDate "2024.01.20"]
[EventType "swiss"]
[EventRounds "10"]
[EventCountry "BRA"]
[SourceTitle "CBM 218 Extra"]
[Source "ChessBase"]
[SourceDate "2024.03.31"]
[SourceVersion "1"]
[SourceVersionDate "2024.03.31"]
[SourceQuality "1"]

1. e4 e6 2. d3 Bc5 3. Nf3 h6 4. Nbd2 a6 5. g3 d6 6. d4 Ba7 7. Bg2 c6 8. 0-0 Nd7 9. Nc4 Qc7 10. e5 d5 11. Nd6+ Ke7 12. Nh4 Qd8 13. c3 Bb8 14. Nxf7 Kxf7 15. Qh5+ g6 16. Nxg6 Kg7 17. Nxh8 Kxh8 18. Bxh6 Nxh6 19. Qxh6+ Kg8 20. Qxe6+ Kf8 21. Qh6+ Ke8 22. Bf3 Qe7 23. Bh5+ Kd8 24. f4 Nf8 25. f5 Kc7 26. f6 Qd8 27. Qg7+ Kb6 28. Qe7 Bc7 29. Qc5# 1-0

[Event "Florianopolis op 9th"]
[Site "Florianopolis"]
[Date "2023.01.27"]
[Round "7"]
[White "Ribeiro, Davison Soares"]
[Black "Urquiza, Marcello de Albuque"]
[Result "1/2-1/2"]
[WhiteElo "1800"]
[BlackElo "2007"]
[PlyCount "145"]
[EventDate "2023.01.23"]
[EventType "swiss"]
[EventRounds "10"]
[EventCountry "BRA"]
[SourceTitle "CBM 212 Extra"]
[Source "ChessBase"]
[SourceDate "2023.03.31"]
[SourceVersion "1"]
[SourceVersionDate "2023.03.31"]
[SourceQuality "1"]

1. c4 c6 2. Nf3 d5 3. d4 Nf6 4. g3 Bf5 5. Bg2 e6 6. 0-0 Be7 7. Qb3 Qb6 8. c5 Qxb3 9. axb3 Nbd7 10. b4 a6 11. Nbd2 Bd8 12. Nb3 Bc7 13. Nh4 Bc2 14. Ra3 h6 15. Bd2 0-0 16. Na5 Rab8 17. Rc1 Bh7 18. Bf1 e5 19. e3 Rfe8 20. Rca1 exd4 21. exd4 g5 22. Ng2 Bf5 23. Ne3 Be6 24. Bd3 Ne4 25. Be1 g4 26. Nxc6 bxc6 27. Rxa6 Rbc8 28. Rxc6 Nb8 29. Rxe6 fxe6 30. Nxg4 h5 31. Bxe4 hxg4 32. Bg6 Re7 33. b5 Rf8 34. Bb4 Rg7 35. Bd3 Rf3 36. Be2 Rb3 37. Bc3 Nd7 38. Ra8+ Nf8 39. Bd1 Rxb5 40. b4 Rb8 41. Ra6 Kf7 42. Bc2 Kf6 43. Bb3 Ke7 44. Bd1 Nd7 45. Be2 Kd8 46. b5 Ke7 47. Bb4 Kf6 48. Kg2 Rgg8 49. Ra7 Rgc8 50. Bxg4 Rxb5 51. Bd2 Nb8 52. h4 Nc6 53. Ra4 Re8 54. Bg5+ Kg6 55. f4 Rb4 56. h5+ Kh7 57. Ra6 Nxd4 58. Ra7 Nb5 59. Rb7 Rb8 60. Rxb8 Bxb8 61. Bxe6 Nc7 62. Bf5+ Kg8 63. h6 Ne8 64. Be6+ Kh8 65. Bxd5 Ba7 66. Be7 Rb2+ 67. Kh3 Kh7 68. f5 Kxh6 69. f6 Nxf6 70. Bxf6 Re2 71. c6 Bb8 72. Bd4 Kg6 73. Bb6 1/2-1/2